| 000 | 00986nam a22003137a 4500 | ||
|---|---|---|---|
| 001 | BR201000 | ||
| 003 | BR-BrBNA | ||
| 005 | 20230928104720.0 | ||
| 007 | ta | ||
| 008 | 230509b bl.||||| |||| 00| 0 por d | ||
| 040 |
_aBR-BrBNA _bpor _cBiblioteca Nacional de Agricultura |
||
| 041 | _a(Por) | ||
| 072 | _aC20 ; E14 | ||
| 090 | _ C20 BR201000 | ||
| 100 | 1 | _aMuniz, J.N. | |
| 100 | 1 | _aRezende, J.B. | |
| 100 | 1 | _aBressan, V.G.F. | |
| 110 | 1 |
_aAssociação Brasileira das Entidades Estaduais de Assistência Técnica e Extensão Rural, Brasília, DF (Brasil) _9197 |
|
| 245 | 1 |
_aA extensão rural pública e seus impactos no desenvolvimento municipal sustentável _bColeção Semear 3 |
|
| 250 | 1 | _a1. ed. | |
| 260 | 3 |
_aBrasília, DF (Brasil): _c2007. |
|
| 300 | _a172 p. | ||
| 500 | _a34 ref.; 48 tables | ||
| 650 | _aEXTENSÃO RURAL | ||
| 650 | _aDESENVOLVIMENTO SUSTENTÁVEL | ||
| 650 | _aIMPACTO ECONÔMICO | ||
| 909 |
_a202309 _bLucia _c55 _dLucia Elande |
||
| 942 | _cBK | ||
| 999 |
_c81357 _d81357 |
||